00817nam a2200265Ia 4500001000900000003000500009005001700014008004100031010001100072020001800083040000900101082002300110100002900133245010200162260004300264300001100307503001400318504003100332650003100363650003700394650001700431650003500448650001700483650005100500dia_3238CHAP20230327101709.0220117s1992 xx 000 0 und d a173736 a84-87440-15-0 cCHAP a664.02852 L67 1992 aLópez Gómez, Antonio aLas instalaciones frigoríficas en las bodegas : manual de diseño /c Antonio López Gómez aEspaña :b A. Madrid Vicente,c1992 a179 p. aI. 177675 aBibliografía: p. 173-177 aAlmacenamiento en frío  aAlmcenamiento de los alimentos  aCold storage aFood industryxRefrigeration  0aFood storage aIndustrias de los alimentosxRefrigeración